Paroles "Avec le temps" - Léo Ferré - Statistiques

Statistiques générales
  • Ce quiz a été pris 36 fois
  • Le résultat moyen est 188 sur 282
Statistiques - réponses
Hint Réponse % Correct
. A
100%
. à
100%
.... Avec
100%
.... avec
100%
.. le
100%
..... temps
100%
.... tout
100%
.. se
96%
.. va
96%
.. la
93%
.'.. s'en
93%
.. de
81%
.. et
81%
.. Et
81%
.. au
74%
... les
74%
... pas
74%
... qui
74%
.. un
74%
.. du
70%
.. On
70%
.. on
70%
..... quand
70%
.. ça
67%
... ces
67%
... des
67%
.'.. l'on
67%
..'.. qu'on
67%
...... oublie
63%
.... plus
63%
.. sa
63%
... une
63%
.. Ne
59%
.. ne
59%
.'... c'est
56%
.... dans
56%
.'..... L'autre
56%
..... peine
56%
.... voix
56%
....... adorait
52%
.... pour
52%
...... visage
52%
..... coeur
48%
..... comme
48%
.'..... d'aller
48%
.'.. d'un
48%
.... loin
48%
.... Même
48%
.... même
48%
.... mort
48%
... par
48%
.... seul
48%
... son
48%
.... sous
48%
... bat
44%
.... bien
44%
....... Galerie
44%
.... gens
44%
.. je
44%
..... pluie
44%
...... regard
44%
........ chercher
41%
...... détour
41%
..... faire
41%
.... mots
41%
.... nuit
41%
.... sent
41%
..... toute
41%
... bas
37%
...... hasard
37%
....... pauvres
37%
.... rien
37%
..... seule
37%
.... trop
37%
.... vous
37%
... âme
33%
......... chouettes
33%
....... gueules
33%
.'.... n'aime
33%
....... perdues
33%
....-.... peut-être
33%
.... quoi
33%
...... rayons
33%
.... soir
33%
......... souvenirs
33%
.... tard
33%
.... très
33%
...... bijoux
30%
......... cherchait
30%
....... croyait
30%
........ disaient
30%
....... donnait
30%
.......... farfouille
30%
.... faut
30%
..... froid
30%
....... laisser
30%
... lit
30%
....... peinard
30%
...... prends
30%
........ quelques
30%
...... rentre
30%
.'........ s'évanouie
30%
....... surtout
30%
.... vent
30%
...... années
26%
....... blanchi
26%
...... cheval
26%
...... chiens
26%
...... Devant
26%
........ devinait
26%
..... entre
26%
...... fourbu
26%
...... lignes
26%
........ maquillé
26%
..... rhume
26%
...... samedi
26%
....... serment
26%
......... tendresse
26%
..... vendu
26%
..... Alors
22%
... eût
22%
.... fard
22%
.'.. t'as
22%
........ traînait
22%
........ traînent
22%
........ vraiment
19%
..... floué
15%
..... glacé
15%
........ passions
15%
Aucun quiz correspondant
Distribution des résultats
% des personnes avec chaque résultat
Percentile par nombre de réponses
Votre historique - résultats
Vous n’avez pas pris ce quiz